Normal view
MARC view
- Martin, J.W
Entry Personal Name
001 - CONTROL NUMBER
- control field: 297
003 - CONTROL NUMBER IDENTIFIER
- control field: OSt
005 - DATE AND TIME OF LATEST TRANSACTION
- control field: 20160606151055.0
008 - FIXED-LENGTH DATA ELEMENTS
- fixed length control field: 160606|| aca||aabn | a|a d
040 ## - CATALOGING SOURCE
- Original cataloging agency: OSt
- Transcribing agency: OSt
100 ## - HEADING--PERSONAL NAME
- Personal name: Martin, J.W
670 ## - SOURCE DATA FOUND
- Source citation: Work cat.: (OSt)13984: McColly, H.F Martin, J.W 296, Introduction to agricultural engineering, 2010
